000 00449nmm a2200157Ia 4500
008 251105s9999||||xx |||||||||||||||||und||
020 _a9788496356887
041 _aspa
100 _aHarnecker, Marta
245 0 _aReconstruyendo la izquierda
264 _a[Madrid, España] :
_bEl Viejo Topo,
_c2006
300 _a204 páginas
650 _aPolitical Science (General)
856 _uhttps://public.digitaliapublishing.com/a/57851
942 _cCF
999 _c89826
_d89826